| 000 | 00828nam a2200205Ia 4500 | ||
|---|---|---|---|
| 999 |
_c35015 _d35015 |
||
| 003 | GCL | ||
| 005 | 20240530102851.0 | ||
| 008 | 140319s199؟ le 000 0 ara d | ||
| 040 |
_aGCL / _cGCL |
||
| 082 | 0 | 4 |
_221 _a962.1/ _bاع |
| 100 | 1 | _aاحمد ابن ابى اصيبعة، احمد بن القاسم بن خليفة، 1200- 1270 م | |
| 245 | 1 | 0 |
_aعيون الانباء فى طبقات الاطباء / _c، احمد بن القاسم بن خليفة احمد ابن ابى اصيبعة |
| 260 |
_aبيروت : _bدار الثقافة، _c[199-]. |
||
| 300 |
_a3 مج فى 1 ؛ _c24 سم. |
||
| 650 | 0 | 4 |
_2qrmak _aالاطباء _vتراجم |
| 650 | 0 | 7 |
_2qrmak _aالطب عند العرب |
| 650 | 0 | 7 |
_2qrmak _aالعلوم عند العرب |
| 650 | 0 | 7 |
_2qrmak _aالحضارة الاسلامية |
| 942 |
_2ddc _cBK |
||